| 000 | 00918nam a2200289Ia 4500 | ||
|---|---|---|---|
| 008 | 170203s9999 xx 000 0 und d | ||
| 020 | _a0-439250544 | ||
| 050 | _aFic | ||
| 050 | _bW521w | ||
| 100 | _aWest, Tracey. | ||
| 245 | _aWhat's bugging Bubbles? / | ||
| 245 | _cby Tracey West ; "based on "The Powerpuff Girls" as created by Craig McCracken ; [designed by Peter Koblish ; illustrated by the Thompson Brothers]. | ||
| 260 | _aNew York : | ||
| 260 | _bScholastic Inc., | ||
| 260 | _c2001 | ||
| 300 | _a32 pages : | ||
| 300 | _bcolor illustrations ; | ||
| 300 | _c23 cm. | ||
| 440 | _aPowerpuff girls readers, 2. | ||
| 500 | _a"Learn to read with The Powerpuff Girls."--Cover. | ||
| 650 | _aGardening -- | ||
| 650 | _aGirls -- | ||
| 650 | _aPowerpuff Girls (Fictitious characters) -- | ||
| 650 | _xJuvenile fiction. | ||
| 650 | _xJuvenile fiction. | ||
| 650 | _xJuvenile fiction. | ||
| 999 |
_c306484 _d306484 |
||